THEORIES OF GLOBALIZATION (Record no. 23512)

MARC details
000 -LEADER
fixed length control field 00338nam a2200133Ia 4500
008 - FIXED-LENGTH DATA ELEMENTS--GENERAL INFORMATION
fixed length control field 240624s9999 xx 000 0 und d
041 ## - LANGUAGE CODE
Language code of text/sound track or separate title eng
082 ## - DEWEY DECIMAL CLASSIFICATION NUMBER
Classification number 658.049 AXF
100 ## - MAIN ENTRY--PERSONAL NAME
Personal name AXFORD BARRIE
245 ## - TITLE STATEMENT
Title THEORIES OF GLOBALIZATION
260 ## - PUBLICATION, DISTRIBUTION, ETC.
Date of publication, distribution, etc. 2013
Place of publication, distribution, etc. Cambridge
Name of publisher, distributor, etc. Polity Press
300 ## - PHYSICAL DESCRIPTION
Extent vii, : 235 : p. : cm. ; 24
365 ## - TRADE PRICE
Currency code
Price amount 25
Holdings
Withdrawn status Lost status Damaged status Not for loan Home library Current library Shelving location Date acquired Source of acquisition Cost, normal purchase price Full call number Barcode Date last seen Copy number Price effective from Koha item type
        IMTN IMTN Rack 20-B 10/10/2014 MB 26.95 658.049 AXF 23512 06/24/2024 64.2 06/24/2024 Books
Designed & Maintained by: LRC IMT Nagpur Contact: lrc@imtnag.ac.in© 2024. All Rights Reserved.